000 00300nam a2200109Ia 4500
008 200302s9999 xx 000 0 und d
100 _aGeorge R. Collins & Other
245 _aFantastic Architecture Personal & Eccentric Visions
260 _bThames and Hudson Ltd.
260 _c1980
300 _a247 P.,
999 _c2319
_d2319